| 000 | 00434nam a22001697a 4500 | ||
|---|---|---|---|
| 005 | 20260413172936.0 | ||
| 008 | 260413b |||||||| |||| 00| 0 eng d | ||
| 020 | _a9789697834556 | ||
| 040 | _cPK-LaNCA | ||
| 082 |
_a958.01 _bCHA |
||
| 100 | _aChangez Jan | ||
| 245 | _aForgotten kings: the story of the Hindu Sahi Dynasty | ||
| 260 |
_aFolio Books _bLahore _c2023 |
||
| 300 | _axxii, 176p | ||
| 650 | _aSahi Kingdom | ||
| 942 | _cBK | ||
| 999 |
_c67212 _d67212 |
||